| 000 | 00786nam a2200289Ia 4500 | ||
|---|---|---|---|
| 003 | OSt | ||
| 005 | 20221007111904.0 | ||
| 006 | a|||||r|||| 00| 0 | ||
| 007 | ta | ||
| 008 | 221006b |||||||| |||| 00| 0 eng d | ||
| 020 | _a1859413811 | ||
| 024 | _a24,502 | ||
| 037 | _cTextual | ||
| 040 |
_aLCO _cLCO _beng |
||
| 041 |
_2eng _aeng |
||
| 082 | _aZ1, N9 | ||
| 100 |
_aSueur Andrew Le _9691143 |
||
| 245 | 0 | _aPrinciples of Public Law | |
| 250 | _a2nd | ||
| 260 |
_aLondon _bCavendish Publishing Limited U.K. _c1999 |
||
| 300 | _a584 | ||
| 650 | _aPUBLIC INTERNATIONAL | ||
| 700 |
_a English Rosalind _9708585 |
||
| 700 |
_a Herberg Javan _9708586 |
||
| 942 |
_hZ1, N9 _cTEXL |
||
| 999 |
_c1194065 _d1194065 |
||